{"text_format":"3","workbook":"xlsx","n_sheets":1,"sheets":["t616"],"read":"whole","date_system":"1900"}

{"sheet":"t616","index":0,"n_rows":166,"n_cols":7,"rows_kept":166,"merged":[[0,0,0,6],[30,0,30,5],[45,0,45,5],[142,0,142,5]]}
["TABELA 616.1 - Estatísticas Agrícolas, Município de Uchoa, Estado de São Paulo, 2007/08."]
["ITEM","UNIDADE","N.DE UPAs","MÍNIMO","MÉDIO","MÁXIMO","TOTAL"]
["Distância à sede do município","km",514,0.1,{"v":8.41,"d":"8.4"},{"v":27,"d":"27.0"},"-"]
["Área total","hectare",514,0.5,{"v":46.91,"d":"46.9"},837.3,{"v":24113.8,"d":"24,113.8"}]
["Área com cultura perene","hectare",112,0.5,18.2,{"v":140,"d":"140.0"},{"v":2038.9,"d":"2,038.9"}]
["Área com cultura temporária","hectare",300,{"v":1,"d":"1.0"},{"v":47.72,"d":"47.7"},695.6,{"v":14314.5,"d":"14,314.5"}]
["Área com pastagem","hectare",302,{"v":1,"d":"1.0"},20.5,{"v":470,"d":"470.0"},{"v":6190.4,"d":"6,190.4"}]
["Área com reflorestamento","hectare",23,0.1,{"v":4.91,"d":"4.9"},50.7,112.9]
["Área com vegetação natural","hectare",115,0.1,{"v":4.03,"d":"4.0"},{"v":93,"d":"93.0"},463.6]
["Área com vegetação de brejo e várzea","hectare",321,0.2,1.2,{"v":10,"d":"10.0"},{"v":384,"d":"384.0"}]
["Área em descanso","hectare",45,0.1,{"v":3.22,"d":"3.2"},{"v":35,"d":"35.0"},{"v":145,"d":"145.0"}]
["Área complementar","hectare",469,0.1,{"v":0.99,"d":"1.0"},7.3,464.5]
["Área das UPAs com (0, 1] ha","hectare",2,0.5,0.5,0.5,{"v":1,"d":"1.0"}]
["Área das UPAs com (1, 2] ha","hectare",8,1.2,1.8,{"v":2,"d":"2.0"},14.4]
["Área das UPAs com (2, 5] ha","hectare",33,2.2,{"v":3.41,"d":"3.4"},4.9,112.4]
["Área das UPAs com (5, 10] ha","hectare",44,5.4,{"v":8.43,"d":"8.4"},{"v":10,"d":"10.0"},370.9]
["Área das UPAs com (10, 20] ha","hectare",125,10.1,{"v":15.46,"d":"15.5"},{"v":20,"d":"20.0"},{"v":1933,"d":"1,933.0"}]
["Área das UPAs com (20, 50] ha","hectare",187,20.5,{"v":30.75,"d":"30.8"},48.6,{"v":5749.5,"d":"5,749.5"}]
["Área das UPAs com (50, 100] ha","hectare",66,50.1,{"v":67.31,"d":"67.3"},96.8,{"v":4442.5,"d":"4,442.5"}]
["Área das UPAs com (100, 200] ha","hectare",29,101.6,{"v":131.03,"d":"131.0"},193.6,{"v":3799.8,"d":"3,799.8"}]
["Área das UPAs com (200, 500] ha","hectare",15,{"v":201,"d":"201.0"},{"v":273.75,"d":"273.8"},464.6,{"v":4106.3,"d":"4,106.3"}]
["Área das UPAs com (500, 1.000] ha","hectare",5,{"v":670,"d":"670.0"},716.8,837.3,{"v":3584,"d":"3,584.0"}]
["Área das UPAs com (1.000, 2.000] ha","hectare","-","-","-","-","-"]
["Área das UPAs com (2.000, 5.000] ha","hectare","-","-","-","-","-"]
["Área das UPAs com (5.000, 10.000] ha","hectare","-","-","-","-","-"]
["Área das UPAs acima de 10.000 ha","hectare","-","-","-","-","-"]
["Familiares do proprietário que trabalham na UPA","unidade",448,{"v":1,"d":"1.0"},{"v":1.51,"d":"1.5"},{"v":10,"d":"10.0"},{"v":675,"d":"675.0"}]
["Trabalhadores permanentes","unidade",160,{"v":1,"d":"1.0"},{"v":1.78,"d":"1.8"},{"v":10,"d":"10.0"},{"v":284,"d":"284.0"}]
["Fonte: Secretaria de Agricultura e Abastecimento, CDRS/IEA, Projeto LUPA."]
[]
["TABELA 616.2 - Explorações Animais, Município de Uchoa, Estado de São Paulo, 2007/08."]
["ITEM","UNIDADE","N.DE UPAs","MÍNIMO","MÉDIO","MÁXIMO","TOTAL"]
["Apicultura","colmeias",2,{"v":1,"d":"1.0"},2.5,{"v":4,"d":"4.0"},{"v":5,"d":"5.0"}]
["Asininos E Muares","cabeças",3,{"v":1,"d":"1.0"},{"v":6,"d":"6.0"},{"v":15,"d":"15.0"},{"v":18,"d":"18.0"}]
["Avicultura de Corte","cabeças/ano",1,{"v":40000,"d":"40,000.0"},{"v":40000,"d":"40,000.0"},{"v":40000,"d":"40,000.0"},{"v":40000,"d":"40,000.0"}]
["Bovinocultura de Corte","cabeças",40,{"v":7,"d":"7.0"},107.7,{"v":950,"d":"950.0"},{"v":4308,"d":"4,308.0"}]
["Bovinocultura Leiteira","cabeças",41,{"v":2,"d":"2.0"},{"v":25.71,"d":"25.7"},{"v":100,"d":"100.0"},{"v":1054,"d":"1,054.0"}]
["Bovinocultura Mista","cabeças",201,{"v":2,"d":"2.0"},{"v":31.36,"d":"31.4"},{"v":300,"d":"300.0"},{"v":6303,"d":"6,303.0"}]
["Equinocultura","cabeças",209,{"v":1,"d":"1.0"},{"v":2.65,"d":"2.7"},{"v":42,"d":"42.0"},{"v":554,"d":"554.0"}]
["Outra Exploração Animal","cabeças",1,{"v":40,"d":"40.0"},{"v":40,"d":"40.0"},{"v":40,"d":"40.0"},{"v":40,"d":"40.0"}]
["Ovinocultura","cabeças",17,{"v":8,"d":"8.0"},{"v":48.29,"d":"48.3"},{"v":250,"d":"250.0"},{"v":821,"d":"821.0"}]
["Piscicultura","m² tanques",1,{"v":135,"d":"135.0"},{"v":135,"d":"135.0"},{"v":135,"d":"135.0"},{"v":135,"d":"135.0"}]
["Suinocultura","cabeças",41,{"v":3,"d":"3.0"},{"v":14.41,"d":"14.4"},{"v":90,"d":"90.0"},{"v":591,"d":"591.0"}]
["Fonte: Secretaria de Agricultura e Abastecimento, CDRS/IEA, Projeto LUPA."]
[]
["TABELA 616.3 -  Máquinas, Implementos e Benfeitorias, Município de Uchoa, Estado de São Paulo, 2007/08."]
["ITEM","UNIDADE","N.DE UPAs","MÍNIMO","MÉDIO","MÁXIMO","TOTAL"]
["Arado Comum (Bacia, Aiveca)","Unidade",86,{"v":1,"d":"1.0"},{"v":1.14,"d":"1.1"},{"v":3,"d":"3.0"},{"v":98,"d":"98.0"}]
["Arado Escarificador","Unidade",87,{"v":1,"d":"1.0"},{"v":1.17,"d":"1.2"},{"v":4,"d":"4.0"},{"v":102,"d":"102.0"}]
["Arado Subsolador","Unidade",4,{"v":1,"d":"1.0"},{"v":1,"d":"1.0"},{"v":1,"d":"1.0"},{"v":4,"d":"4.0"}]
["Batedeira de Cereais","Unidade",1,{"v":1,"d":"1.0"},{"v":1,"d":"1.0"},{"v":1,"d":"1.0"},{"v":1,"d":"1.0"}]
["Câmara Fria","Unidade",1,{"v":1,"d":"1.0"},{"v":1,"d":"1.0"},{"v":1,"d":"1.0"},{"v":1,"d":"1.0"}]
["Carregadeira de Cana","Unidade",1,{"v":1,"d":"1.0"},{"v":1,"d":"1.0"},{"v":1,"d":"1.0"},{"v":1,"d":"1.0"}]
["Colhedeira Acoplada","Unidade",2,{"v":1,"d":"1.0"},{"v":1,"d":"1.0"},{"v":1,"d":"1.0"},{"v":2,"d":"2.0"}]
["Colhedeira Automotriz","Unidade",2,{"v":1,"d":"1.0"},{"v":1,"d":"1.0"},{"v":1,"d":"1.0"},{"v":2,"d":"2.0"}]
["Conj.Irrigação Convencional","Unidade",6,{"v":1,"d":"1.0"},{"v":1,"d":"1.0"},{"v":1,"d":"1.0"},{"v":6,"d":"6.0"}]
["Conj.Irrigação/Gotejamento/Microaspersão","Unidade",4,{"v":1,"d":"1.0"},{"v":1,"d":"1.0"},{"v":1,"d":"1.0"},{"v":4,"d":"4.0"}]
["Desintegrador de Palha (Plantio Direto)","Unidade",2,{"v":1,"d":"1.0"},{"v":1,"d":"1.0"},{"v":1,"d":"1.0"},{"v":2,"d":"2.0"}]
["Desintegrador, Picador, Triturador","Unidade",143,{"v":1,"d":"1.0"},{"v":1.01,"d":"1.0"},{"v":2,"d":"2.0"},{"v":144,"d":"144.0"}]
["Distribuidor de Calcário","Unidade",16,{"v":1,"d":"1.0"},{"v":1,"d":"1.0"},{"v":1,"d":"1.0"},{"v":16,"d":"16.0"}]
["Ensiladeira","Unidade",32,{"v":1,"d":"1.0"},{"v":1.09,"d":"1.1"},{"v":4,"d":"4.0"},{"v":35,"d":"35.0"}]
["Grade Aradora (Tipo Romi)","Unidade",32,{"v":1,"d":"1.0"},{"v":1.13,"d":"1.1"},{"v":2,"d":"2.0"},{"v":36,"d":"36.0"}]
["Grade Niveladora","Unidade",89,{"v":1,"d":"1.0"},{"v":1.02,"d":"1.0"},{"v":2,"d":"2.0"},{"v":91,"d":"91.0"}]
["Implementos para Tração Animal","Unidade",6,{"v":1,"d":"1.0"},{"v":1.33,"d":"1.3"},{"v":3,"d":"3.0"},{"v":8,"d":"8.0"}]
["Misturador de Ração","Unidade",2,{"v":1,"d":"1.0"},{"v":1,"d":"1.0"},{"v":1,"d":"1.0"},{"v":2,"d":"2.0"}]
["Ordenhadeira Mecânica","Unidade",5,{"v":1,"d":"1.0"},{"v":1,"d":"1.0"},{"v":1,"d":"1.0"},{"v":5,"d":"5.0"}]
["Pulverizador Tratorizado","Unidade",107,{"v":1,"d":"1.0"},{"v":1.18,"d":"1.2"},{"v":4,"d":"4.0"},{"v":126,"d":"126.0"}]
["Resfriador de Leite, Tanque Expansão","Unidade",2,{"v":1,"d":"1.0"},{"v":1,"d":"1.0"},{"v":1,"d":"1.0"},{"v":2,"d":"2.0"}]
["Semeadeira/Adubadeira para Plantio Convencional","Unidade",25,{"v":1,"d":"1.0"},{"v":1.04,"d":"1.0"},{"v":2,"d":"2.0"},{"v":26,"d":"26.0"}]
["Semeadeira/Plantadeira Plantio Direto","Unidade",21,{"v":1,"d":"1.0"},1.1,{"v":3,"d":"3.0"},{"v":23,"d":"23.0"}]
["Terraceador","Unidade",1,{"v":1,"d":"1.0"},{"v":1,"d":"1.0"},{"v":1,"d":"1.0"},{"v":1,"d":"1.0"}]
["Trator de Esteiras","Unidade",1,{"v":1,"d":"1.0"},{"v":1,"d":"1.0"},{"v":1,"d":"1.0"},{"v":1,"d":"1.0"}]
["Trator de Pneus","Unidade",195,{"v":1,"d":"1.0"},{"v":1.18,"d":"1.2"},{"v":4,"d":"4.0"},{"v":230,"d":"230.0"}]
["Açude/Represa","Unidade",89,{"v":1,"d":"1.0"},{"v":1.37,"d":"1.4"},{"v":7,"d":"7.0"},{"v":122,"d":"122.0"}]
["Almoxarifado/Oficina","Unidade",3,{"v":1,"d":"1.0"},{"v":1,"d":"1.0"},{"v":1,"d":"1.0"},{"v":3,"d":"3.0"}]
["Armazém para Grãos Ensacados","Sacas",6,{"v":1,"d":"1.0"},{"v":1.17,"d":"1.2"},{"v":2,"d":"2.0"},{"v":7,"d":"7.0"}]
["Balança para Bovinos","Unidade",2,{"v":1,"d":"1.0"},{"v":1,"d":"1.0"},{"v":1,"d":"1.0"},{"v":2,"d":"2.0"}]
["Barracão para Granja/Avicultura","Unidade",4,{"v":2,"d":"2.0"},{"v":2.25,"d":"2.3"},{"v":3,"d":"3.0"},{"v":9,"d":"9.0"}]
["Barracão/Galpão/Garagem","Unidade",227,{"v":1,"d":"1.0"},1.1,{"v":5,"d":"5.0"},{"v":249,"d":"249.0"}]
["Casa de Moradia Habitada","Unidade",266,{"v":1,"d":"1.0"},{"v":1.27,"d":"1.3"},{"v":10,"d":"10.0"},{"v":339,"d":"339.0"}]
["Casa de Moradia Total","Unidade",375,{"v":1,"d":"1.0"},{"v":1.62,"d":"1.6"},{"v":12,"d":"12.0"},{"v":606,"d":"606.0"}]
["Curral/Mangueira","Unidade",264,{"v":1,"d":"1.0"},{"v":1.02,"d":"1.0"},{"v":3,"d":"3.0"},{"v":270,"d":"270.0"}]
["Depósito/Tulha","Unidade",129,{"v":1,"d":"1.0"},{"v":1.03,"d":"1.0"},{"v":2,"d":"2.0"},{"v":133,"d":"133.0"}]
["Estábulo","Unidade",4,{"v":1,"d":"1.0"},{"v":2.75,"d":"2.8"},{"v":5,"d":"5.0"},{"v":11,"d":"11.0"}]
["Instalações para Equinos","Unidade",4,{"v":1,"d":"1.0"},{"v":1.25,"d":"1.3"},{"v":2,"d":"2.0"},{"v":5,"d":"5.0"}]
["Máquina de Benefício","Unidade",1,{"v":2,"d":"2.0"},{"v":2,"d":"2.0"},{"v":2,"d":"2.0"},{"v":2,"d":"2.0"}]
["Olaria","Unidade",1,{"v":1,"d":"1.0"},{"v":1,"d":"1.0"},{"v":1,"d":"1.0"},{"v":1,"d":"1.0"}]
["Pocilga","Unidade",5,{"v":1,"d":"1.0"},2.4,{"v":8,"d":"8.0"},{"v":12,"d":"12.0"}]
["Poço Semi-Artesiano","Unidade",236,{"v":1,"d":"1.0"},{"v":1.01,"d":"1.0"},{"v":2,"d":"2.0"},{"v":239,"d":"239.0"}]
["Silo para Silagem","t",3,{"v":1,"d":"1.0"},{"v":550.33,"d":"550.3"},{"v":1500,"d":"1,500.0"},{"v":1651,"d":"1,651.0"}]
["Terreiro","m²",34,{"v":1,"d":"1.0"},{"v":246.71,"d":"246.7"},{"v":1000,"d":"1,000.0"},{"v":8388,"d":"8,388.0"}]
["Fonte: Secretaria de Agricultura e Abastecimento, CDRS/IEA, Projeto LUPA."]
[]
["TABELA 616.4 - Outras Estatísticas Agrícolas, Município de Uchoa, Estado de São Paulo, 2007/08."]
["ITEM","Número de UPAs",null,"Percentual"]
["Faz Parte de Associação de Produtores",156,null,{"v":30.35019455252918,"d":"30.4"}]
["Faz Parte de Cooperativa de Produtores",227,null,{"v":44.16342412451362,"d":"44.2"}]
["Faz Parte do Sindicato de Produtores",185,null,{"v":35.992217898832685,"d":"36.0"}]
["Não utiliza assistência técnica ",36,null,{"v":7.003891050583658,"d":"7.0"}]
["Utiliza somente assistência técnica governamental ",200,null,{"v":38.91050583657587,"d":"38.9"}]
["Utiliza somente assistência técnica privada ",107,null,{"v":20.817120622568094,"d":"20.8"}]
["Utiliza assistência técnica tanto governamental quanto privada",171,null,{"v":33.26848249027237,"d":"33.3"}]
["Utiliza Crédito Rural",181,null,{"v":35.21400778210117,"d":"35.2"}]
["Utiliza Seguro Rural",1,null,{"v":0.19455252918287938,"d":"0.2"}]
["Utiliza Escrituração Agrícola",334,null,{"v":64.98054474708171,"d":"65.0"}]
["Acessa Internet p/ Fins na Agropecuária",18,null,{"v":3.501945525291829,"d":"3.5"}]
["Utiliza Computador nas Atividades Agropecuárias",14,null,{"v":2.723735408560311,"d":"2.7"}]
["Utiliza Energia Elétrica Para Uso na Atividade Agrícola",444,null,{"v":86.38132295719844,"d":"86.4"}]
["Realiza Análise de Solo, quando necessário",264,null,{"v":51.36186770428015,"d":"51.4"}]
["Utiliza Práticas de Conservação de Solo, quando necessário",470,null,{"v":91.4396887159533,"d":"91.4"}]
["Faz Adubação Mineral, quando necessário",378,null,{"v":73.5408560311284,"d":"73.5"}]
["Faz Adubação Orgânica, quando necessário",174,null,{"v":33.85214007782101,"d":"33.9"}]
["Faz Adubação Verde, quando necessário",59,null,{"v":11.478599221789883,"d":"11.5"}]
["Utiliza Manejo Integrado de Pragas (MIP)","-",null,"-"]
["Utiliza Hidroponia","-",null,"-"]
["Utiliza Plasticultura",2,null,{"v":0.38910505836575876,"d":"0.4"}]
["Utiliza Mudas Fiscalizadas",42,null,{"v":8.171206225680933,"d":"8.2"}]
["Utiliza Semente Melhorada",70,null,{"v":13.618677042801556,"d":"13.6"}]
["Faz Confinamento de Bovinos",1,null,{"v":0.19455252918287938,"d":"0.2"}]
["Utiliza Pastejo Intensivo",124,null,{"v":24.124513618677042,"d":"24.1"}]
["Faz Inseminação Artificial",6,null,{"v":1.1673151750972763,"d":"1.2"}]
["Faz Mineralização do Rebanho",256,null,{"v":49.80544747081712,"d":"49.8"}]
["Faz Vermifugação do Rebanho",257,null,{"v":50,"d":"50.0"}]
["Possui Parceiros /Arrendatários na Exploração Animal",97,null,{"v":18.8715953307393,"d":"18.9"}]
["Esporte e lazer",1,null,{"v":0.19455252918287938,"d":"0.2"}]
["Extração mineral","-",null,"-"]
["Hotel Fazenda, Pousada ou SPA","-",null,"-"]
["Pesque-pague","-",null,"-"]
["Restaurante ou Lanchonete","-",null,"-"]
["Transformação artesanal","-",null,"-"]
["Turismo rural ou ecoturismo","-",null,"-"]
["Outras atividades econômicas rurais","-",null,"-"]
["Agroindústria",1,null,{"v":0.19455252918287938,"d":"0.2"}]
["Proprietário sem instrução ou com instrução incompleta",7,null,{"v":1.3618677042801557,"d":"1.4"}]
["Proprietário com antigo primário completo",210,null,{"v":40.85603112840467,"d":"40.9"}]
["Proprietário com 1° grau (ou antigo ginasial) completo",75,null,{"v":14.591439688715953,"d":"14.6"}]
["Proprietário com 2° grau (ou antigo colegial) completo",116,null,{"v":22.568093385214006,"d":"22.6"}]
["Proprietário com curso superior completo ",106,null,{"v":20.622568093385215,"d":"20.6"}]
["Pessoa Jurídica","-",null,"-"]
["Proprietário residente na própria UPA ",115,null,{"v":22.373540856031127,"d":"22.4"}]
["Fonte: Secretaria de Agricultura e Abastecimento, CDRS/IEA, Projeto LUPA."]
[]
["TABELA 616.5 - Área Cultivada, Município de Uchoa, Estado de São Paulo, 2007/08."]
["CULTURA","N.DE UPAs","MÍNIMO","MÉDIO","MÁXIMO","TOTAL"]
["Cana-de-acucar",288,{"v":1,"d":"1.0"},{"v":49.21,"d":"49.2"},695.6,{"v":14171.9,"d":"14,171.9"}]
["Braquiaria",302,{"v":1,"d":"1.0"},20.5,{"v":470,"d":"470.0"},{"v":6190.4,"d":"6,190.4"}]
["Laranja",61,1.5,{"v":21.31,"d":"21.3"},{"v":140,"d":"140.0"},{"v":1300.2,"d":"1,300.2"}]
["Seringueira",10,{"v":4,"d":"4.0"},{"v":19.89,"d":"19.9"},{"v":64,"d":"64.0"},198.9]
["Manga",12,{"v":2,"d":"2.0"},{"v":14.08,"d":"14.1"},{"v":98,"d":"98.0"},168.9]
["Milho",19,1.5,{"v":7.39,"d":"7.4"},{"v":40,"d":"40.0"},140.5]
["Cafe",27,0.5,{"v":4.95,"d":"5.0"},14.4,133.7]
["Limao",32,0.5,{"v":3.58,"d":"3.6"},{"v":12,"d":"12.0"},114.6]
["Eucalipto",23,0.1,{"v":4.91,"d":"4.9"},50.7,112.9]
["Tangerina",12,0.1,{"v":3.51,"d":"3.5"},{"v":10,"d":"10.0"},42.1]
["Macadamia (ou noz-macadamia)",2,5.7,{"v":17.85,"d":"17.9"},{"v":30,"d":"30.0"},35.7]
["Goiaba",4,{"v":1,"d":"1.0"},{"v":2.75,"d":"2.8"},{"v":4,"d":"4.0"},{"v":11,"d":"11.0"}]
["Kiwi",1,8.5,8.5,8.5,8.5]
["Abacate",1,{"v":8,"d":"8.0"},{"v":8,"d":"8.0"},{"v":8,"d":"8.0"},{"v":8,"d":"8.0"}]
["Outras frutiferas",2,{"v":3,"d":"3.0"},3.5,{"v":4,"d":"4.0"},{"v":7,"d":"7.0"}]
["Lentilha",1,{"v":5,"d":"5.0"},{"v":5,"d":"5.0"},{"v":5,"d":"5.0"},{"v":5,"d":"5.0"}]
["Carambola",2,{"v":2,"d":"2.0"},{"v":2,"d":"2.0"},{"v":2,"d":"2.0"},{"v":4,"d":"4.0"}]
["Caju",1,3.6,3.6,3.6,3.6]
["Coco-da-baia",1,1.2,1.2,1.2,1.2]
["Fruta-do-conde (ou pinha, ou anona)",1,{"v":1,"d":"1.0"},{"v":1,"d":"1.0"},{"v":1,"d":"1.0"},{"v":1,"d":"1.0"}]
["Viveiro de citros",1,0.5,0.5,0.5,0.5]
["Fonte: Secretaria de Agricultura e Abastecimento, CDRS/IEA, Projeto LUPA."]